Law, the state and the international community, 2v, v1: a commentary on the development of legal political and international ideas (Record no. 203775)

MARC details
000 -LEADER
fixed length control field 00459nam a2200145Ia 4500
008 - FIXED-LENGTH DATA ELEMENTS--GENERAL INFORMATION
fixed length control field 230917s9999||||xx |||||||||||||| ||und||
040 ## - CATALOGING SOURCE
-- 78764
Original cataloging agency VIVEKANANDA LIBRARY
041 ## - Language
-- English
082 ## - DDC NUMBER
Classification number 340 S84L
100 ## - MAIN ENTRY--PERSONAL NAME
Personal name Scott, James Brown
245 #0 - TITLE STATEMENT
Title Law, the state and the international community, 2v, v1: a commentary on the development of legal political and international ideas
260 ## - PUBLICATION, DISTRIBUTION, ETC. (IMPRINT)
Place of publication, distribution, etc Westport
Name of publisher, distributor, etc Greenwich
Date of publication, distribution, etc 1939
300 ## - PHYSICAL DESCRIPTION
Pages xxiv, 615 p.
942 ## - ADDED ENTRY ELEMENTS (KOHA)
Koha item type Books
Holdings
Withdrawn status Lost status Damaged status Not for loan Location (home branch) Sublocation or collection (holding branch) Date acquired Koha issues (times borrowed) Koha full call number Accession No. Koha date last seen Koha item type
        VIVEKANANDA LIBRARY VIVEKANANDA LIBRARY 06/03/2003   340 S84L 64013 17/09/2023 Books
© Designed and Maintained by Vivekananda Library, MDU Rohtak